01173nam a22002657a 450000500170000001000130001702000260003003500130005603700090006908200080007810000220008624500630010824600130017126000380018427000840022230000480030650000520035452001800040665000440058665000310063065000570066194200220071899900190074095201480075920240626151044.0 aB-759972 a9789391125578c499.00 aB-759972 bGift a2501 aPande.alka96778514aThe Ramayana :bThrough 15 iconic characters /cAlka panse30aRamayana aNew Delhi :bNiyogi Books,c2009. aBlok D, buliding area no. 77, okhla industrial area, phase-1bnew delhie110020 a199 p., bchiefly col. ill. ;c23 cm. (pbk) aIncludes bibliographical references (p. [129]). aAbout 130 paintings, follow the story through the paintings from Mewar Ramayana commissioned by Rana Jagat Singh of Mewar between 1649 and 1653 and now in the British Library. 0aMewar paintingxThemes, motives.967786 0aManuscripts, Indic.967787 0aIllumination of books and manuscripts, Indic.967788 2ddccCHh250mPAN c203749d203749 001040708NFICaAVbAVd2024-06-26eGift/25.06.2024g499.00l1o250 PANpB-759972r2026-04-15 15:26:23s2026-03-25t1v499.00w2024-06-26yCH